000 00544nam a22001937a 4500
999 _c12847
_d12847
008 251006b 2022 ||||| |||| 00| 0 eng d
020 _a9781906915742
082 _a623.82
_bNAU
110 _aThe Nautical Institute
245 _aThe admiralty manual of seamanship
250 _a13th ed.
260 _aUnited Kingdom
_bThe Nautical Institute
_c2022
300 _avi, 1-1 to 6-122, App -1 to33 pgs.
650 _aAnchors, cables and buoywork
650 _aRigging and deck gear
650 _aTowing
650 _aBoats
942 _cBK